| 000 | 00591cam a22002291 4500 | ||
|---|---|---|---|
| 001 | sa 64007272 | ||
| 003 | DLC | ||
| 005 | 20260227112045.0 | ||
| 008 | 950303m19591964ii a 000 0 kano | ||
| 010 | _asa 64007272 | ||
| 025 | _aPL480:I-Kan-273 | ||
| 035 | _a(OCoLC)32084018 | ||
| 040 |
_aDLC _cCU _dCU _dDLC |
||
| 042 | _apremarc | ||
| 050 | 0 | 0 |
_aQ163 _b.K37 |
| 100 | 1 |
_aKāranta, Śivarāma, _d1902-1997. |
|
| 245 | 1 | 0 | _aVijñāna prapañca. |
| 260 | _c[1959-64] | ||
| 300 |
_a4 v. _billus. (part col.) _c26 cm. |
||
| 500 | _aIn Kannada. | ||
| 650 | 0 |
_aScience _vJuvenile literature. |
|
| 999 |
_c60129 _d60129 |
||